000 00365nam a2200145 i 4500
001 bg
100 1 _aJANUSZEWSKI, Stefan
245 0 _aMiernictwo tyrystorowe /
_cStefan Januszewski, Henryk Świątek.
260 _aWarszawa,
_c1976.
700 1 _aŚWIĄTEK, Henryk
040 _cBPK
041 _apol
942 _cKS
008 s pl f |000 0 pol
999 _c27413
_d27413
856 _uhttp://koha.tu.koszalin.pl/cgi-bin/koha/opac-detail.pl?biblionumber=27413
_yKatalog online BPK